000 00752nam a2200193Ia 4500
999 _c2709
_d2709
008 200103s 1993 ||||xx |||||||||||||| ||und||
020 _a1856090477
082 _a368.2
_bFOR
100 _aFord, Michael
245 0 _aMarine insurance fraud in international trade
260 _bWitherby & Co Ltd
_c1993
_aLondon
300 _axxxv, 281 p.
440 _aMonument series
504 _aContents Identifying fraud The climate for fraud Criminal fraud Civil fraud Brokers Assured-fraudulent claims Scuttling ('wilful casting away') Theft, deviation and barratry Jurisdiction in marine fraud Arbitrating marine fraud disputes
650 _aMaritime law
650 _aMarine insurance
650 _aInsurance fraud
942 _cBK